|
|
|
|
| LEADER |
00000nam2a2200000 4500 |
| 001 |
24785 |
| 005 |
20231101205629.0 |
| 010 |
|
|
|a 5893171349
|
| 035 |
|
|
|a (RuTPU)RU\TPU\book\25016
|
| 035 |
|
|
|a BOOK00000024
|
| 090 |
|
|
|a 24785
|
| 100 |
|
|
|a 20011209d2000 k y0rusy50 ca
|
| 101 |
0 |
|
|a rus
|
| 102 |
|
|
|a RU
|
| 105 |
|
|
|a a f 000zy
|
| 200 |
0 |
|
|a Т. 2 : Общая биология
|f под ред. Ю. П. Алхутова
|
| 210 |
|
|
|d 2000
|
| 215 |
|
|
|a 344 с.
|c ил.
|
| 461 |
|
1 |
|0 (RuTPU)RU\TPU\book\85107
|t Современное естествознание
|o энциклопедия
|o в 10-ти т.
|f гл. ред. В. Н. Сойфер
|v Т. 2 : Общая биология
|d 2000-2001
|s Международная Соросовская Программа Образования в области Точных Наук: ISSEP
|
| 606 |
1 |
|
|a Естествознание
|2 stltpush
|3 (RuTPU)RU\TPU\subj\68178
|9 83661
|
| 606 |
1 |
|
|a Биология общая
|2 stltpush
|3 (RuTPU)RU\TPU\subj\67323
|9 83167
|
| 610 |
1 |
|
|a эволюция
|
| 610 |
1 |
|
|a систематика
|
| 610 |
1 |
|
|a генетика
|
| 610 |
1 |
|
|a клетки
|
| 610 |
1 |
|
|a иммунология
|
| 610 |
1 |
|
|a физиология
|
| 610 |
1 |
|
|a животные
|
| 610 |
1 |
|
|a растения
|
| 610 |
1 |
|
|a экология
|
| 610 |
1 |
|
|a биосфера
|
| 610 |
1 |
|
|a грибы
|
| 610 |
1 |
|
|a энциклопедии
|
| 610 |
1 |
|
|a человек
|
| 675 |
|
|
|a 50(031)
|v 3
|
| 675 |
|
|
|a 573(031)
|v 3
|
| 702 |
|
1 |
|a Алхутов
|b Ю. П.
|4 340
|
| 801 |
|
0 |
|a RU
|b 63413507
|c 20011209
|g PSBO
|
| 801 |
|
2 |
|a RU
|b 63413507
|c 20191219
|g PSBO
|
| 942 |
|
|
|c BK
|